00275 a2200109 4500001000700000020000600007040001100013100004500024240004600069245004100115362000900156181575 a  cMagnum aSecretaria de Estado da Educacao de M.g.10aOrientacoes sobre tecnicas de estudolpor10aOrientacoes sobre tecnicas de estudo0 a1899